Statistics for advanced level mathematics / (Record no. 164704)
[ view plain ]
| 000 -LEADER | |
|---|---|
| fixed length control field | 00697nam a2200205 4500 |
| 001 - CONTROL NUMBER | |
| control field | vtls000141460 |
| 003 - CONTROL NUMBER IDENTIFIER | |
| control field | MY-SjTCS |
| 005 - DATE AND TIME OF LATEST TRANSACTION | |
| control field | 20200226120444.0 |
| 008 - FIXED-LENGTH DATA ELEMENTS--GENERAL INFORMATION | |
| fixed length control field | 110218s 000 0 eng |
| 020 ## - INTERNATIONAL STANDARD BOOK NUMBER | |
| International Standard Book Number | 0340327642 |
| 039 #9 - LEVEL OF BIBLIOGRAPHIC CONTROL AND CODING DETAIL [OBSOLETE] | |
| Level of rules in bibliographic description | 201407071516 |
| Level of effort used to assign nonsubject heading access points | patrick |
| Level of effort used to assign subject headings | 201206291046 |
| Level of effort used to assign classification | stazrina |
| Level of effort used to assign subject headings | 201102181707 |
| Level of effort used to assign classification | VLOAD |
| -- | 200407271812 |
| -- | VLOAD |
| 082 04 - DEWEY DECIMAL CLASSIFICATION NUMBER | |
| Classification number | 519.5 |
| Item number | EVA |
| 100 1# - MAIN ENTRY--PERSONAL NAME | |
| Personal name | Evan, I. Gwyn. |
| 9 (RLIN) | 997 |
| 245 10 - TITLE STATEMENT | |
| Title | Statistics for advanced level mathematics / |
| Statement of responsibility, etc. | I. Gwyn Evans. |
| 260 ## - PUBLICATION, DISTRIBUTION, ETC. | |
| Place of publication, distribution, etc. | London : |
| Name of publisher, distributor, etc. | Hodder and Stoughton, |
| Date of publication, distribution, etc. | 1985 impression (with additional chapter and corrections) |
| 300 ## - PHYSICAL DESCRIPTION | |
| Extent | vi, 314 p. ; |
| Dimensions | 24 cm. |
| 590 ## - LOCAL NOTE (RLIN) | |
| Local note | Maths : 9709 |
| 650 #0 - SUBJECT ADDED ENTRY--TOPICAL TERM | |
| Topical term or geographic name entry element | Mathematical statistics. |
| 920 ## - Programme | |
| Programme | CAL : 3673 |
| Withdrawn status | Lost status | Source of classification or shelving scheme | Damaged status | Not for loan | Collection code | Home library | Current library | Date acquired | Total Checkouts | Barcode | Date last seen | Date last checked out | Copy number | Koha item type | Public note |
|---|---|---|---|---|---|---|---|---|---|---|---|---|---|---|---|
| Withdrawn | Dewey Decimal Classification | Please fill up online form at https://taylorslibrary.taylors.edu.my/services/external_storage1 | TC External Storage | TC External Storage | 08/04/2009 | 11 | 5000063778 | 12/12/2019 | 18/10/2016 | 1 | Main Collection | CALxx,03000,03,GR |